| 000 | 00496pam a2200169 4500 | ||
|---|---|---|---|
| 001 | 4152 | ||
| 005 | 20181127172727.0 | ||
| 008 | 960801s1997 njua b 001 0 eng | ||
| 010 | _a 96034705 | ||
| 020 | _a0198093314 | ||
| 245 | 0 | 0 |
_aAccounting for management / _cS. Ramanathan. |
| 250 | _a1st ed. | ||
| 260 |
_aNew Delhi : _bOxford University Press, _c2014. |
||
| 300 |
_axvii, 669 p. ; _b _c26 cm. |
||
| 504 | _aIncludes bibliographical references and indexes. | ||
| 650 | 0 | _aManagerial accounting. | |
| 999 |
_c3404 _d3404 |
||